Skulduggery Pleasant The Faceless Ones Characters - Statistics

General Stats
  • This quiz has been taken 63 times
  • The average score is 22 of 31
Answer Stats
Hint Answer % Correct
The woman in the library China Sorrows
100%
The Skeleton Detective Skulduggery Pleasant
100%
Her best friend with the sword Tanith Low
100%
Her brother Mr. Bliss
98%
His partner Valkyrie Cain
98%
The Detective's tailor and oldest friend Ghastly Bespoke
96%
The last teleporter Fletcher Renn
94%
Stephanie's uncle Fergus
91%
Stephanie's dislikable aunt Beryl
87%
The Sensitive who owns a tattoo parlour Finbar Wrong
87%
Stephanie's cousin Carol
85%
Stephanie's other cousin Crystal
85%
Stephanie's dad Desmond
85%
The Killer Supreme Vaurien Scapegrace
85%
The necromancy cleaver White Cleaver
85%
Stephanie's mom Melissa
81%
The Necromancer who owns a cane Solomon Wreath
74%
Stephanie's dead uncle Gorden
72%
The Hitman Deluxe Billy-Ray Sanguine
69%
The grumpy professor who lives in the Hyberian Kenspeckle Grouse
69%
The grumpy professor's eccentric assistant Clarabelle
61%
The Grand Mage of Ireland Thurid Guild
61%
The Sanctuary's head detective Remus Crux
59%
Patrick Hanratty Batu
44%
Female member of the Diablerie Murder Rose
43%
Member of the Diablerie who cut off his hand Jaron Gallow
31%
The teleporter who teleported a whole ballroom half way around the world Cameron Light
30%
Member of the Diablerie who fought with Mr. Bliss before getting taken over by a Faceless One Gruesome Krav
26%
The teleporter who was being protected by Tanith Emmett Peregrine
22%
The man who discovered the cave under Gordon's mansion Anathem Mire
15%
The idiotic Sanctuary agent who locked himself in a cell twice Staven Weeper
15%
No matching quizzes found
Score Distribution
Percent of People with Each Score
Percentile by Number Answered
Your Score History
You have not taken this quiz